000 00415nam a22001697a 4500
005 20250814114727.0
008 250812b |||||||| |||| 00| 0 eng d
020 _a9780752875446
_qhbk
041 _aeng
082 _a823.914 JAM
100 _aJames Erica
245 _aTell It To The Skies
_c/ ERICA JAMES
250 _a1st ed
260 _aLondon
_bOrion
_c2007
300 _a394P. :
_c24CM
942 _cENGLISH
999 _c581107
_d581107